[Event "GER-ch"]
[Site "Bad Neuenahr"]
[Date "1991.??.??"]
[Round "13"]
[White "Volke, Karsten"]
[Black "Schaefer, Markus"]
[Result "1-0"]
[WhiteElo "2395"]
[BlackElo "2400"]
[EventDate "1991.06.??"]
[PlyCount "79"]

1. d4 Nf6 2. c4 g6 3. Nc3 Bg7 4. e4 O-O 5. Bg5 h6 6. Be3 d6 7. h3 e5 8. d5 Na6 9. Bd3 c6 10. Qd2 Kh7 11. Nge2 cxd5 12. cxd5 Nc5 13. Bc2 a5 14. g4 Bd7 15. Ng3 b5 16. g5 Ng8 17. h4 b4 18. Nce2 Qb6 19. h5 a4 20. Rc1 b3 21. axb3 axb3 22. Bb1 Ra1 23. Kf1 Qa5 24. Nc3 Rc8 25. Kg2 Qd8 26. Qe2 Qe8 27. Qf3 Bf8 28. Bd2 Be7 29. Nce2 Rb8 30. Nc3 Kg7 31. Rh2 Rc8 32. Rch1 Na4 33. Nxa4 Bxa4 34. hxg6 fxg6 35. Nf5+ gxf5 36. exf5 Rxb1 37. f6+ Bxf6 38. gxf6+ Nxf6 39. Rxh6 Qf7 40. Rh7+ 1-0

[Event "GER-ch"]
[Site "Bad Neuenahr"]
[Date "1991.??.??"]
[Round "14"]
[White "Hickl, Joerg"]
[Black "Volke, Karsten"]
[Result "1/2-1/2"]
[WhiteElo "2480"]
[BlackElo "2395"]
[EventDate "1991.06.??"]
[PlyCount "77"]

1. g3 g6 2. Bg2 Bg7 3. c4 Nf6 4. Nc3 d6 5. d3 O-O 6. Nf3 Nc6 7. Rb1 a5 8. O-O e5 9. a3 h6 10. b4 axb4 11. axb4 Be6 12. b5 Ne7 13. Bb2 Qd7 14. Nd2 Rab8 15. Re1 Bh3 16. Bh1 Ng4 17. Qb3 Kh7 18. Nd1 Nf6 19. Ra1 Nh5 20. e3 Be6 21. d4 f5 22. Nf3 e4 23. d5 Bg8 24. Bxg7 Nxg7 25. Nd4 c5 26. bxc6 bxc6 27. Qa4 Ra8 28. Qxa8 Rxa8 29. Rxa8 Qb7 30. Ra1 Qb4 31. Re2 c5 32. Nc2 Qxc4 33. Rd2 Nxd5 34. Bg2 Qb3 35. Bf1 Nc7 36. Ne1 Qb4 37. Re2 d5 38. Ng2 Qb6 39. Rb2 1/2-1/2

[Event "GER-ch"]
[Site "Bad Neuenahr"]
[Date "1991.??.??"]
[Round "14"]
[White "Kunze, Markus"]
[Black "Poldauf, Dirk"]
[Result "1-0"]
[WhiteElo "2360"]
[BlackElo "2355"]
[EventDate "1991.06.??"]
[PlyCount "71"]

1. e4 e6 2. d4 d5 3. Nd2 Nf6 4. e5 Nfd7 5. c3 c5 6. Bd3 Nc6 7. Ngf3 g6 8. O-O Bg7 9. Re1 O-O 10. Nf1 f6 11. exf6 Qxf6 12. Ne3 cxd4 13. Ng4 Qe7 14. cxd4 Nxd4 15. Nxd4 Bxd4 16. Bxg6 Qg7 17. Bh5 Nc5 18. Bh6 Bxf2+ 19. Kh1 Bxe1 20. Qxe1 Qe7 21. Bxf8 Qxf8 22. Qe5 Ne4 23. Bf7+ Kxf7 24. Rf1+ Ke7 25. Rxf8 Kxf8 26. Qc7 h5 27. Ne5 Ke8 28. g3 a5 29. Kg2 a4 30. h3 a3 31. b3 d4 32. Kf3 Nc3 33. g4 hxg4+ 34. hxg4 Nd5 35. Qf7+ Kd8 36. g5 1-0

[Event "GER-ch"]
[Site "Bad Neuenahr"]
[Date "1991.??.??"]
[Round "14"]
[White "Lutz, Christopher"]
[Black "Schuh, Hubert"]
[Result "1/2-1/2"]
[WhiteElo "2500"]
[BlackElo "2375"]
[EventDate "1991.06.??"]
[PlyCount "97"]

1. d4 Nf6 2. c4 d6 3. Nf3 Nbd7 4. Nc3 e5 5. e4 Be7 6. Be2 O-O 7. O-O c6 8. Re1 a6 9. Bf1 Re8 10. Rb1 b5 11. b4 Qc7 12. a3 exd4 13. Nxd4 Nb6 14. cxb5 cxb5 15. Bb2 Bf8 16. Rc1 Qb7 17. Nb3 Be6 18. Na5 Qa7 19. h3 Rac8 20. Qd4 Rc7 21. Ne2 Rec8 22. Nf4 Rxc1 23. Bxc1 Qc7 24. Be3 Nfd7 25. Nxe6 fxe6 26. Rc1 Qb8 27. Qd1 Qa8 28. Rxc8 Qxc8 29. Qb3 Kf7 30. f4 Na4 31. Bd4 Nf6 32. Qd3 Qc1 33. e5 Nd5 34. Nb7 Qxf4 35. Nxd6+ Bxd6 36. exd6 Qxd6 37. Qxh7 Nf6 38. Qd3 Nb6 39. Bc5 Qc7 40. Qd4 Nbd5 41. Be2 Qg3 42. Bf3 Qe1+ 43. Kh2 Qc1 44. Qd3 Nc3 45. Be3 Qe1 46. Bd4 Nce4 47. Qe3 Qxe3 48. Bxe3 Nd5 49. Bxe4 1/2-1/2

[Event "GER-ch"]
[Site "Bad Neuenahr"]
[Date "1991.??.??"]
[Round "14"]
[White "Serrer, Christoph"]
[Black "Buecker, Stefan"]
[Result "0-1"]
[WhiteElo "2305"]
[BlackElo "2345"]
[EventDate "1991.06.??"]
[PlyCount "98"]

1. d4 c5 2. c3 f5 3. Nf3 Nf6 4. dxc5 e6 5. Be3 a5 6. Na3 Na6 7. Nb5 Ne4 8. Nd6+ Bxd6 9. cxd6 O-O 10. Qd4 Nb8 11. Nd2 Nc6 12. Qd3 Nf6 13. Bg5 a4 14. g3 h6 15. Bxf6 Qxf6 16. Bg2 a3 17. bxa3 Rxa3 18. Nb3 Ne5 19. Qd4 Nf7 20. O-O Qxd4 21. cxd4 Nxd6 22. e3 b6 23. Rfc1 Ba6 24. Rc7 Bb5 25. Nd2 Ra5 26. Bf1 Bc6 27. Nc4 Nxc4 28. Bxc4 Kf7 29. Kf1 Ke7 30. Ke2 Kd6 31. Rxc6+ dxc6 32. Rd1 g5 33. Rd2 Re8 34. Kf3 Kc7 35. Bb3 e5 36. dxe5 Raxe5 37. Rd1 Rd8 38. Rh1 Re4 39. h4 g4+ 40. Ke2 b5 41. Rb1 Rb4 42. a3 Re4 43. Bc2 Re5 44. Rb4 Red5 45. Kf1 Rc5 46. Bb1 Kb6 47. Ke2 Ra8 48. Rf4 Rxa3 49. Bxf5 h5 0-1

[Event "GER-ch"]
[Site "Bad Neuenahr"]
[Date "1991.??.??"]
[Round "15"]
[White "Boensch, Uwe"]
[Black "Schaefer, Markus"]
[Result "1-0"]
[WhiteElo "2470"]
[BlackElo "2400"]
[EventDate "1991.06.??"]
[PlyCount "59"]

1. d4 Nf6 2. c4 g6 3. Nc3 Bg7 4. e4 d6 5. Nf3 O-O 6. Be2 Na6 7. O-O Qe8 8. Rb1 e5 9. dxe5 dxe5 10. b4 Bg4 11. Be3 Qe7 12. Nd5 Nxd5 13. cxd5 Rfc8 14. Qa4 Nb8 15. Rfd1 Bd7 16. Qb3 Qe8 17. b5 Bf8 18. Nd2 a6 19. a4 axb5 20. axb5 Ra3 21. Qb2 Rxe3 22. fxe3 Bc5 23. Nc4 f6 24. Na5 Bxe3+ 25. Kh1 b6 26. Nc6 Qf7 27. Qb3 Bc5 28. Bc4 Kh8 29. d6 Qf8 30. Nxb8 1-0

[Event "GER-ch"]
[Site "Bad Neuenahr"]
[Date "1991.??.??"]
[Round "15"]
[White "Lau, Ralf"]
[Black "Kunze, Markus"]
[Result "1/2-1/2"]
[WhiteElo "2485"]
[BlackElo "2360"]
[EventDate "1991.06.??"]
[PlyCount "23"]

1. g3 g6 2. Bg2 Bg7 3. e4 e5 4. d3 Ne7 5. Nc3 O-O 6. Be3 c6 7. Qd2 d5 8. exd5 cxd5 9. Bh6 Nbc6 10. Bxg7 Kxg7 11. Nge2 d4 12. Nd1 1/2-1/2

[Event "GER-ch"]
[Site "Bad Neuenahr"]
[Date "1991.??.??"]
[Round "15"]
[White "Muse, Mladen"]
[Black "Hickl, Joerg"]
[Result "1-0"]
[WhiteElo "2460"]
[BlackElo "2480"]
[EventDate "1991.06.??"]
[PlyCount "83"]

1. d4 d6 2. e4 Nf6 3. Nc3 g6 4. Be3 c6 5. Qd2 b5 6. Bd3 e5 7. dxe5 dxe5 8. Nf3 Nbd7 9. O-O Be7 10. h3 O-O 11. a4 b4 12. Na2 a5 13. Nc1 Qc7 14. Nb3 Re8 15. Qe2 Nf8 16. Nfd2 Ne6 17. Nc4 c5 18. Rfd1 Bb7 19. f3 Nh5 20. Qf2 Nd4 21. Nxd4 cxd4 22. Bd2 Bc8 23. g4 Ng7 24. f4 exf4 25. Bxf4 Qc5 26. Rf1 Rf8 27. b3 Be6 28. Qg3 Rfd8 29. Rf2 Ne8 30. Raf1 Rac8 31. Kg2 Bg5 32. Bxg5 Qxg5 33. Ne5 f6 34. Nf3 Qc5 35. Qh4 Rd7 36. e5 Rf7 37. exf6 Rxf6 38. Ng5 Rxf2+ 39. Rxf2 Qe7 40. Nxe6 Qxe6 41. Bc4 Rxc4 42. bxc4 {Stohl,I} 1-0

[Event "GER-ch"]
[Site "Bad Neuenahr"]
[Date "1991.??.??"]
[Round "15"]
[White "Poldauf, Dirk"]
[Black "Schoene, Ralf"]
[Result "1/2-1/2"]
[WhiteElo "2355"]
[BlackElo "2350"]
[EventDate "1991.06.??"]
[PlyCount "25"]

1. c4 Nf6 2. Nc3 g6 3. g3 Bg7 4. Bg2 d6 5. d4 O-O 6. Nf3 Nc6 7. O-O a6 8. Bd2 e5 9. d5 Na5 10. b3 c5 11. a4 b6 12. e4 Ng4 13. Rb1 1/2-1/2

[Event "GER-ch"]
[Site "Bad Neuenahr"]
[Date "1991.??.??"]
[Round "15"]
[White "Schmittdiel, Eckhard"]
[Black "Lutz, Christopher"]
[Result "1/2-1/2"]
[WhiteElo "2485"]
[BlackElo "2500"]
[EventDate "1991.06.??"]
[PlyCount "81"]

1. e4 c5 2. c3 e5 3. Nf3 Nc6 4. Bc4 Qc7 5. d3 Nf6 6. O-O Be7 7. a3 O-O 8. b4 d6 9. h3 Rb8 10. b5 Na5 11. Qe2 Nxc4 12. dxc4 Ne8 13. Nbd2 g6 14. Ne1 f5 15. exf5 gxf5 16. Nc2 f4 17. Ne1 Nf6 18. Nd3 Bf5 19. f3 Nh5 20. Ne4 Kh8 21. Ndf2 Rg8 22. Rd1 Rg6 23. Ng4 Rbg8 24. Ra2 Ng7 25. g3 h5 26. gxf4 exf4 27. Bxf4 Rf8 28. Bg3 Qc8 29. Nxd6 Bxd6 30. Rxd6 hxg4 31. hxg4 Rxd6 32. Bxd6 Re8 33. Qf2 Bh7 34. Re2 Rxe2 35. Qxe2 Qe6 36. Be5 Kg8 37. f4 Kf7 38. f5 Nxf5 39. gxf5 Qxf5 40. Bb8 a6 41. bxa6 1/2-1/2